Schwedische Glasmanufakturen : Produktionskataloge, 1915-1960 = Swedish glass factories : production catalogues = Svenska glasbruken : produktionskataloger /

Bibliographic Details
Other Authors: Ricke, Helmut, Thor, Lars, 1938-
Format: Book
Language:German
English
Swedish
Published: München : Prestel Verlag, 1987.
Subjects:

MARC

Tag First Indicator Second Indicator Subfields
LEADER 00000cam a2200000 a 4500
001 in00000033031
005 20151007055108.0
008 880502s1987 gw 00000 ger d
020 |a 3791308041 
035 |a (OCoLC)17884941 
035 |9 AAB7241AM 
040 |a TXA  |c TXA  |d KSU  |d TXA  |d UtOrBLW 
041 1 |a ger  |a eng  |a swe 
049 |a TXAM  |c [A11073893] 
050 4 |a NK5161  |b .S34 1987 
245 0 0 |a Schwedische Glasmanufakturen :  |b Produktionskataloge, 1915-1960 = Swedish glass factories : production catalogues = Svenska glasbruken : produktionskataloger /  |c herausgegeben von Helmut Ricke, Lars Thor. 
246 3 1 |a Swedish glass factories  
246 3 1 |a Svenska glasbruken  
264 1 |a München :  |b Prestel Verlag,  |c 1987. 
300 |a 432 pages :  |b chiefly illustrations ;  |c 31 cm. 
336 |a text  |b txt  |2 rdacontent 
337 |a unmediated  |b n  |2 rdamedia 
338 |a volume  |b nc  |2 rdacarrier 
500 |a Based on the catalogs of the following Swedish firms: Orrefors, Kosta, Elme, Eda, Strömbergshyttan. 
500 |a German, English, and Swedish. 
650 0 |a Glassware  |z Sweden  |x Exhibitions. 
700 1 |a Ricke, Helmut. 
700 1 |a Thor, Lars,  |d 1938- 
740 0 |a Swedish glass factories, 1915-1960. 
740 0 |a Svenska glasbruken. 
999 |a MARS 
999 f f |s b227375e-8bc2-394c-ad68-fa7ee99e4a06  |i a80a01e4-67ec-3cb0-8b9c-123a9f8da93b  |t 0 
952 f f |p normal  |a Texas A&M University  |b College Station  |c Sterling C. Evans Library  |d Evans: Library Stacks  |t 0  |e NK5161 .S34 1987  |h Library of Congress classification  |i unmediated -- volume  |m A14811073893 
998 f f |a NK5161 .S34 1987  |t 0  |l Evans: Library Stacks